000 00457nam a2200181 i 4500
001 bg
100 1 _aKelly, A.
245 0 _aKrystalografia i defekty kryształów /
_cA. Kelly, G.w. Groves.
260 _aWarszawa :
_bPWN,
_c1980.
650 9 _aKrystalografia
655 _aPodręczniki akademickie
700 1 _aGroves, G. W.
040 _cBPK
041 _apol
080 _a548(075.8)
942 _cKS
008 s pl f |000 0 pol
999 _c19773
_d19773
856 _uhttp://koha.tu.koszalin.pl/cgi-bin/koha/opac-detail.pl?biblionumber=19773
_yKatalog online BPK